Medical-surgical nursing : (Record no. 1473)
[ view plain ]
| 000 -LEADER | |
|---|---|
| fixed length control field | 02047cam a22004217a 4500 |
| 001 - CONTROL NUMBER | |
| control field | data |
| 005 - DATE AND TIME OF LATEST TRANSACTION | |
| control field | 20260322212102.0 |
| 007 - PHYSICAL DESCRIPTION FIXED FIELD--GENERAL INFORMATION | |
| fixed length control field | data |
| 008 - FIXED-LENGTH DATA ELEMENTS--GENERAL INFORMATION | |
| fixed length control field | data |
| 035 ## - SYSTEM CONTROL NUMBER | |
| System control number | 15831187 |
| 010 ## - LIBRARY OF CONGRESS CONTROL NUMBER | |
| LC control number | 2009280126 |
| 020 ## - INTERNATIONAL STANDARD BOOK NUMBER | |
| International Standard Book Number | 9780721604466 |
| Qualifying information | single volume |
| 020 ## - INTERNATIONAL STANDARD BOOK NUMBER | |
| International Standard Book Number | 0721604463 |
| Qualifying information | single volume |
| 020 ## - INTERNATIONAL STANDARD BOOK NUMBER | |
| International Standard Book Number | 9780721606712 |
| Qualifying information | 2 volume set |
| 020 ## - INTERNATIONAL STANDARD BOOK NUMBER | |
| International Standard Book Number | 0721606717 |
| Qualifying information | 2 volume set |
| 035 ## - SYSTEM CONTROL NUMBER | |
| System control number | (OCoLC)60755878 |
| 040 ## - CATALOGING SOURCE | |
| Original cataloging agency | UMC |
| Transcribing agency | UMC |
| Modifying agency | DLC |
| -- | VAM |
| -- | JVD |
| -- | YDXCP |
| -- | DLC |
| 042 ## - AUTHENTICATION CODE | |
| Authentication code | pcc |
| 050 00 - LIBRARY OF CONGRESS CALL NUMBER | |
| Classification number | RT41 |
| Item number | .I36 2006 |
| 245 00 - TITLE STATEMENT | |
| Title | Medical-surgical nursing : |
| Remainder of title | critical thinking for collaborative care / |
| Statement of responsibility, etc. | [edited by] Donna D. Ignatavicius, M. Linda Workman. |
| 250 ## - EDITION STATEMENT | |
| Edition statement | 5th ed. |
| 260 ## - PUBLICATION, DISTRIBUTION, ETC. | |
| Place of publication, distribution, etc. | St. Louis, Mo. : |
| Name of publisher, distributor, etc. | Elsevier Saunders, |
| Date of publication, distribution, etc. | c2006. |
| 300 ## - PHYSICAL DESCRIPTION | |
| Extent | 2 v. (xlvii, 1912, 87 p.) : |
| Other physical details | ill. (some col.) ; |
| Dimensions | 29 cm. + |
| Accompanying material | 1 CD-ROM (4 3/4 in.) |
| 500 ## - GENERAL NOTE | |
| General note | Accompanying CD-ROM (part # 9996004309) entitled: Student CD-ROM to accompany Medical-surgical nursing : critical thinking for collaborative care. |
| 504 ## - BIBLIOGRAPHY, ETC. NOTE | |
| Bibliography, etc. note | Includes bibliographical references and index. |
| 538 ## - SYSTEM DETAILS NOTE | |
| System details note | System requirements for CD-ROM: Windows 98, ME, 2000, or XP;450 MHz Intel Pentium II processor or greater (750 MHz or gretaer recommended); 64 MB or more of installed RAM; 2X or faster CD-ROM drive; 800 x 600 monitor or larger; True Color display recommended. |
| 538 ## - SYSTEM DETAILS NOTE | |
| System details note | System requirements for CD-ROM: MAC OS 9.2.2 or higher; 333MHz PowerPC or greater; 64 MB or more of installed RAM; 2X or faster CD-ROM drive; 800 x 600 monitor or larger; Millions of Colors display recommended. |
| 650 #0 - SUBJECT ADDED ENTRY--TOPICAL TERM | |
| Topical term or geographic name entry element | Nursing. |
| 650 #0 - SUBJECT ADDED ENTRY--TOPICAL TERM | |
| Topical term or geographic name entry element | Surgical nursing. |
| 650 #2 - SUBJECT ADDED ENTRY--TOPICAL TERM | |
| Topical term or geographic name entry element | Perioperative Nursing |
| 650 #2 - SUBJECT ADDED ENTRY--TOPICAL TERM | |
| Topical term or geographic name entry element | Nursing |
| 700 1# - ADDED ENTRY--PERSONAL NAME | |
| Personal name | Ignatavicius, Donna D. |
| 700 1# - ADDED ENTRY--PERSONAL NAME | |
| Personal name | Workman, M. Linda. |
| 906 ## - LOCAL DATA ELEMENT F, LDF (RLIN) | |
| a | 7 |
| b | cbc |
| c | pccadap |
| d | 2 |
| e | ncip |
| f | 20 |
| g | y-gencatlg |
| 925 0# - | |
| -- | acquire |
| -- | 1 shelf copy |
| -- | policy default |
| 925 1# - | |
| -- | acquire |
| -- | 2 shelf copies |
| -- | policy default |
| Withdrawn status | Lost status | Damaged status | Not for loan | Home library | Current library | Shelving location | Date acquired | Total checkouts | Full call number | Barcode | Date last seen | Price effective from | Koha item type |
|---|---|---|---|---|---|---|---|---|---|---|---|---|---|
| Riverside | Riverside | General stacks | 22/03/2026 | RT41 | LOC-RPL-00020 | 22/03/2026 | 22/03/2026 | Books |